000 00280nam a2200109Ia 4500
008 190216s9999||||xx |||||||||||||| ||und||
100 _aCheldin Newbarg
245 0 _aAdunika Resathanthram Thiranjedutha Bhagangal
260 _bBhasha Institute
650 _aChemistry
942 _cBK
999 _c38663
_d38663